00888nam a22002297a 4500003000900000005001700009007000300026008004100029040002500070082002000095100005300115245003100168260003400199300002000233590003000253650007600283650005500359910000700414942001400421952020600435999001700641DO-SdBNP20260521073717.0ta201217b1900 dr 00| 0 engeng d aDO-SdBNPbspacBNPHU aRD867.42bD542L1 aSang, Mu-Kien A. d1955-q(Mu-Kien Adriana)9331 aLilís / cVirgil Díaz a[s. l.] : b[s. n.],c[19-?] a89 p. ;c22 cm. aInventariado, 2022 / DG  4aHeureaux, Ulises, 1845-1899xAnécdotas, chistes,sátiras, etc981865 4aRepública DominicanaxHistoria, 1865-1916981866 aDG 2ddccLBS1 00102ddc51708MOaBNPHUbPDcCTd0000-00-00eDonado por Yeryll Monserrat Prast Marcano oBNPHU PD RD867.42 D542Lp2022-3016r2022-06-15w2022-06-15yLBS1zDonado por Yeryll Monserrat Prast Marcano c52042d52042